Informatika praktikum II : MS Excel 2007 kurz LMS Moddle

Uložené v:
Podrobná bibliografia
Hlavný autor: Gašperanová, Agneša
Korporativný autor: Ekonomická univerzita v Bratislave. Národohospodárska fakulta
Médium: Kniha
Jazyk:Slovak
Vydavateľské údaje: Bratislava Vydavateľstvo EKONÓM 2013
Vydanie:1. vyd.
Predmet:
Tagy: Pridať tag
Žiadne tagy, Buďte prvý, kto otaguje tento záznam!

MARC

LEADER 00000nlm a2200000 4500
001 0181621
005 20240509120520.4
020 |a 978-80-225-3588-5 
041 0 |a slo 
044 |a SK 
245 1 0 |a Informatika praktikum II : MS Excel 2007  |b kurz LMS Moddle  |c Agneša Gašperanová 
250 |a 1. vyd. 
264 1 |a Bratislava  |b Vydavateľstvo EKONÓM  |c 2013 
300 |a CD-ROM [123 s., 5,55 AH] 
610 2 0 |a informatika 
610 2 0 |a programy počítačové 
610 2 0 |a grafy 
610 2 0 |a funkcie matematické 
610 2 0 |a štatistika 
100 1 |a Gašperanová, Agneša 
710 2 |a Ekonomická univerzita v Bratislave. Národohospodárska fakulta